Apuntes de metafísica : los trascendentales /

Guardat en:
Dades bibliogràfiques
Autor principal: Sodi Pallares, Fernando (autor)
Format: Llibre
Idioma:espanyol
Publicat: México : Universidad Iberoamericana, Departamento de Filosofía, 1989
Etiquetes: Afegir etiqueta
Sense etiquetes, Sigues el primer a etiquetar aquest registre!

MARC

LEADER 00000nam^a2200000^a^4500
001 000613924
005 20250521000000.0
009 20260310133632.451
037 |a Acervo Xavier Clavigero 
041 |a ESP 
091 |a FDU. 01301 
100 |a Sodi Pallares, Fernando  |e (autor) 
245 1 0 |a Apuntes de metafísica :  |b los trascendentales / 
264 1 |a México :  |b Universidad Iberoamericana, Departamento de Filosofía,  |c 1989 
300 |a 53 p. 
336 |a texto  |b txt  |2 rdacontenido 
337 |a sin mediación  |b n  |2 rdamedio 
338 |a volumen  |b nc  |2 rdasoporte 
649 |a XX 
910 |a Fondo Víctor Raúl Durana Valerio S.J. 
920 |a Impresos - Libros 
930 |a Fondos Especiales 
905 |a 116 
901 |a 613924-10  |b IT2  |c ESP  |i D4771  |u 20250521 
902 |a https://opac.biblio.iteso.mx/vufind/Record/000613924